Statistiques concernant Aliments commençant par A

Cliquez ici pour prendre le quiz!

Statistiques générales

  • Ce quiz a été pris 3 745 fois
  • Le résultat moyen est 12 sur 20

Statistiques - réponses

Réponse% Correct
Avocat
100%
Ananas
98%
Abricot
95%
Ail
94%
Aubergine
94%
Amande
93%
Asperge
90%
Côte d'{agneau}
81%
Artichaut
79%
{Accras} de morue
56%
Anis étoilé
49%
Aïoli
47%
Aligot
41%
Andouillette
38%
Aneth
36%
Anchois
32%
Avoine
23%
Abondance
14%
Absinthe
14%
{Agave} bleu
10%

Distribution des résultats

Percentile par nombre de réponses

% des personnes avec chaque résultat

Votre développement - résultats

Vous n’avez pas pris ce quiz